| 000 | 00576nam a22002057a 4500 | ||
|---|---|---|---|
| 999 |
_c526752 _d526752 |
||
| 003 | NUST | ||
| 005 | 20190716060228.0 | ||
| 008 | 190716b ||||| |||| 00| 0 eng d | ||
| 020 | _qHardcover. | ||
| 038 | _awaseem | ||
| 082 |
_a891.423 _bPat |
||
| 100 |
_aPtafi, Shakeel _917749 |
||
| 245 |
_aSaraiki Adbi Muqalat / _cDr. Shakeel Patafi |
||
| 260 |
_aMultan : _bJhook Printer, _c2008. |
||
| 300 | _a144 p. ; | ||
| 500 | _aHardcover. | ||
| 880 |
_6100-01\r _aڈاکڑشکیل پتافی |
||
| 880 |
_6245-02\r _aسرائیکی ادبی مقالات / |
||
| 942 |
_2ddc _cBK |
||